[Event "Nakhchivan op"]
[Site "Nakhchivan"]
[Date "2013.04.30"]
[Round "8"]
[White "Kurnosov, Igor"]
[Black "Khalifman, Alexander"]
[Result "1/2-1/2"]
[WhiteElo "2649"]
[BlackElo "2614"]
[PlyCount "161"]
[EventDate "2013.04.22"]
[EventType "swiss"]
[EventRounds "9"]
[EventCountry "AZE"]
[SourceTitle "CBM 154 Extra"]
[Source "ChessBase"]
[SourceDate "2013.06.25"]
[SourceVersion "2"]
[SourceVersionDate "2013.06.25"]
[SourceQuality "1"]

1. e4 e5 2. Nf3 Nc6 3. Bb5 a6 4. Ba4 Nf6 5. 0-0 Be7 6. Re1 b5 7. Bb3 0-0 8. c3 d5 9. d4 dxe4 10. Nxe5 Nxe5 11. dxe5 Qxd1 12. Bxd1 Nd7 13. Rxe4 Nc5 14. Rd4 Ne6 15. Rd2 Bg5 16. Rc2 Bxc1 17. Rxc1 Nf4 18. Bf3 Rb8 19. Rd1 Ng6 20. Nd2 Nxe5 21. Be4 Nc4 22. b4 Nb2 23. Re1 Rb6 24. Bc2 Rc6 25. Rab1 Nc4 26. Nxc4 Rxc4 27. Re3 Rd8 28. Rd1 Rxd1+ 29. Bxd1 Kf8 30. Kf1 Be6 31. Bb3 Rc6 32. Bxe6 Rxe6 33. Rxe6 fxe6 34. Ke2 Ke7 35. Kd3 e5 36. Ke4 Ke6 37. h3 c6 38. g3 Kf6 39. f4 exf4 40. Kxf4 Ke6 41. Ke4 Kd6 42. h4 c5 43. g4 cxb4 44. cxb4 Ke6 45. Kd4 h5 46. gxh5 Kf5 47. Kc5 Kg4 48. Kb6 Kxh5 49. Kxa6 Kxh4 50. Kxb5 g5 51. Ka4 g4 52. b5 g3 53. b6 g2 54. b7 g1Q 55. b8Q Qd1+ 56. Qb3 Qd7+ 57. Ka5 Qa7+ 58. Kb5 Qb7+ 59. Kc5 Qc7+ 60. Kd5 Qd7+ 61. Ke5 Qc7+ 62. Kf5 Qh7+ 63. Kf4 Qc7+ 64. Kf3 Qg3+ 65. Ke4 Qg6+ 66. Ke3 Qg3+ 67. Kd4 Qf4+ 68. Kc3 Qe5+ 69. Kd2 Qh2+ 70. Kc1 Qf4+ 71. Kc2 Qf2+ 72. Kc3 Qf6+ 73. Kc2 Qf2+ 74. Kb1 Qe1+ 75. Kb2 Qd2+ 76. Ka3 Kg5 77. Qb4 Qc1+ 78. Ka4 Qc2+ 79. Qb3 Qe4+ 80. Kb5 Qb7+ 81. Kc5 1/2-1/2

[Event "Nakhchivan op"]
[Site "Nakhchivan"]
[Date "2013.04.29"]
[Round "7"]
[White "Safarli, Eltaj"]
[Black "Kurnosov, Igor"]
[Result "1/2-1/2"]
[WhiteElo "2644"]
[BlackElo "2649"]
[PlyCount "69"]
[EventDate "2013.04.22"]
[EventType "swiss"]
[EventRounds "9"]
[EventCountry "AZE"]
[SourceTitle "CBM 154 Extra"]
[Source "ChessBase"]
[SourceDate "2013.06.25"]
[SourceVersion "2"]
[SourceVersionDate "2013.06.25"]
[SourceQuality "1"]

1. e4 c5 2. Nf3 d6 3. d4 cxd4 4. Nxd4 Nf6 5. Nc3 a6 6. Bg5 e6 7. f4 Qb6 8. Qd2 Qxb2 9. Rb1 Qa3 10. e5 h6 11. Bh4 dxe5 12. fxe5 g5 13. exf6 gxh4 14. Be2 Qa5 15. 0-0 Nd7 16. Kh1 Qg5 17. Rf4 e5 18. Nd5 exd4 19. Qxd4 Kd8 20. Ne7 Qc5 21. Nxc8 Rxc8 22. Rd1 Bd6 23. Qxd6 Qxd6 24. Rxd6 Rxc2 25. Bd1 Re8 26. h3 Rc6 27. Rxc6 bxc6 28. Bb3 Re1+ 29. Kh2 Ne5 30. Rxh4 c5 31. Ra4 Kc7 32. Kg3 Kb6 33. Kf2 Nd3+ 34. Kf3 Ne5+ 35. Kf2 1/2-1/2

[Event "Nakhchivan op"]
[Site "Nakhchivan"]
[Date "2013.04.23"]
[Round "2"]
[White "Kurnosov, Igor"]
[Black "Miezis, Normunds"]
[Result "1-0"]
[WhiteElo "2649"]
[BlackElo "2556"]
[PlyCount "57"]
[EventDate "2013.04.22"]
[EventType "swiss"]
[EventRounds "9"]
[EventCountry "AZE"]
[SourceTitle "CBM 154 Extra"]
[Source "ChessBase"]
[SourceDate "2013.06.25"]
[SourceVersion "2"]
[SourceVersionDate "2013.06.25"]
[SourceQuality "1"]

1. e4 c5 2. Nf3 e6 3. d4 cxd4 4. Nxd4 a6 5. Bd3 Nc6 6. Nxc6 dxc6 7. Nd2 Qc7 8. Qf3 b5 9. a4 Bb7 10. 0-0 Bd6 11. Qg4 h5 12. Qxg7 Bxh2+ 13. Kh1 Be5 14. Qg5 Bf4 15. Qh4 Ne7 16. Nb3 Bxc1 17. Rfxc1 c5 18. axb5 c4 19. bxa6 Rxa6 20. Rxa6 Bxa6 21. Bf1 Rg8 22. f3 Qd6 23. Na5 c3 24. bxc3 Bxf1 25. Rxf1 Ng6 26. Qf6 Nf4 27. Nc4 Qc7 28. Ra1 Qb8 29. Ne5 1-0

[Event "Nakhchivan op"]
[Site "Nakhchivan"]
[Date "2013.04.22"]
[Round "1"]
[White "Guliev, Logman"]
[Black "Kurnosov, Igor"]
[Result "0-1"]
[WhiteElo "2401"]
[BlackElo "2649"]
[PlyCount "78"]
[EventDate "2013.04.22"]
[EventType "swiss"]
[EventRounds "9"]
[EventCountry "AZE"]
[SourceTitle "CBM 154 Extra"]
[Source "ChessBase"]
[SourceDate "2013.06.25"]
[SourceVersion "2"]
[SourceVersionDate "2013.06.25"]
[SourceQuality "1"]

1. e4 c5 2. Nf3 d6 3. d4 cxd4 4. Nxd4 Nf6 5. Nc3 e6 6. Be3 Be7 7. f4 0-0 8. Qf3 e5 9. Nf5 Bxf5 10. exf5 Nbd7 11. 0-0-0 Rc8 12. Bb5 Rxc3 13. bxc3 Qc7 14. Bxd7 Nxd7 15. Rhe1 Rc8 16. Qd5 Qxc3 17. Qb3 Qc6 18. Re2 Qa6 19. Red2 exf4 20. Bd4 h6 21. f6 Nxf6 22. Bxf6 Bxf6 23. Rxd6 Qe2 24. Rd7 Rc3 25. Qxf7+ Kh7 26. R7d2 Qe4 27. Qd5 Qg6 28. Rd3 Rc6 29. Re1 Ra6 30. Kb1 Ra4 31. Rb3 Rd4 32. Qxb7 Rd2 33. Qc8 Qe4 34. Rc1 Qe5 35. c3 Qe4+ 36. Ka1 Rxg2 37. Rb8 f3 38. Qh8+ Kg6 39. h4 Bxc3+ 0-1

[Event "Bundesliga 1213"]
[Site "Germany"]
[Date "2013.02.23"]
[Round "9"]
[White "Kurnosov, Igor"]
[Black "Postny, Evgeny"]
[Result "1/2-1/2"]
[WhiteElo "2660"]
[BlackElo "2647"]
[PlyCount "124"]
[EventDate "2012.10.20"]
[EventType "team-tourn"]
[EventRounds "15"]
[EventCountry "GER"]
[SourceTitle "CBM 153"]
[Source "ChessBase"]
[SourceDate "2013.03.14"]
[SourceVersion "1"]
[SourceVersionDate "2013.03.14"]
[SourceQuality "1"]
[WhiteTeam "Wiesbaden"]
[BlackTeam "Eppingen"]
[WhiteTeamCountry "GER"]
[BlackTeamCountry "GER"]

1. e4 e5 2. Nf3 Nc6 3. Bb5 a6 4. Ba4 Nf6 5. 0-0 Be7 6. Re1 b5 7. Bb3 d6 8. c3 0-0 9. h3 Be6 10. d4 Bxb3 11. axb3 Re8 12. d5 Nb8 13. c4 Nbd7 14. Qc2 Qc8 15. cxb5 axb5 16. Ra3 Ra6 17. Be3 c5 18. Nc3 Rxa3 19. bxa3 b4 20. Na4 bxa3 21. Nd2 Qb7 22. Ra1 Ra8 23. Rxa3 Ne8 24. Qa2 Nc7 25. Nc3 Rxa3 26. Qxa3 f5 27. f3 fxe4 28. fxe4 Qa6 29. Qxa6 Nxa6 30. Nb5 Nb6 31. Na7 Nb4 32. Nc6 Nxc6 33. dxc6 Nc8 34. Nc4 Kf7 35. Bd2 Bd8 36. Kf2 Ke6 37. Ba5 Bxa5 38. Nxa5 Ke7 39. Nb7 Na7 40. c7 Kd7 41. Nd8 g6 42. h4 h5 43. g4 Nc8 44. Kf3 Ne7 45. Kg3 Kxc7 46. gxh5 gxh5 47. Ne6+ Kb6 48. Ng7 Kb5 49. Nxh5 Kb4 50. Kg4 Ng6 51. Ng3 Nxh4 52. Kxh4 Kxb3 53. Kg4 c4 54. Kf3 c3 55. Ke3 Kb2 56. Ne2 Kc2 57. Ng3 Kd1 58. Ne2 c2 59. Nc3+ Ke1 60. Ne2 Kd1 61. Nc3+ Kc1 62. Ne2+ Kd1 1/2-1/2

[Event "Vladimir Petrov Memorial op"]
[Site "Jurmala"]
[Date "2013.02.16"]
[Round "5"]
[White "Sveshnikov, Evgeny"]
[Black "Kurnosov, Igor"]
[Result "0-1"]
[WhiteElo "2530"]
[BlackElo "2649"]
[PlyCount "150"]
[EventDate "2013.02.15"]
[EventType "swiss (rapid)"]
[EventRounds "14"]
[EventCountry "LAT"]
[SourceTitle "CBM 152 Extra"]
[Source "ChessBase"]
[SourceDate "2013.02.25"]
[SourceVersion "1"]
[SourceVersionDate "2013.02.25"]
[SourceQuality "1"]

1. e4 d6 2. d4 Nf6 3. Nc3 g6 4. Be3 a6 5. h3 Nbd7 6. f4 b5 7. e5 b4 8. Qf3 Rb8 9. exf6 bxc3 10. bxc3 Bb7 11. fxe7 Qxe7 12. Qf2 Nf6 13. Bd3 Bh6 14. Ne2 Bxg2 15. Qxg2 Qxe3 16. Rf1 0-0 17. Rf3 Qe7 18. Kf1 d5 19. Bxa6 c5 20. a4 Qa7 21. Bd3 c4 22. Bf5 Kh8 23. Bg4 Ne4 24. f5 Nd2+ 25. Kg1 Nxf3+ 26. Qxf3 Rb2 27. Qxd5 Rxc2 28. a5 Re8 29. a6 gxf5 30. Qxf5 Rd2 31. Kf1 Re6 32. Qf3 Rxa6 33. Rxa6 Qxa6 34. Qxf7 Qa8 35. Qxc4 Rd1+ 36. Kf2 Qf8+ 37. Kg3 Rf1 38. Qc8 Rf3+ 39. Kh4 Qxc8 40. Bxc8 Re3 41. Bg4 Kg7 42. d5 Kf6 43. d6 Bg5+ 44. Kh5 Re5 45. d7 Bd2+ 46. Kh4 Be1+ 47. Ng3 Ke7 48. c4 Re3 49. Kg5 Bxg3 50. Kh6 Rc3 51. Kxh7 Rxc4 52. Kg6 Rc6+ 53. Kg7 Be5+ 54. Kh7 Bf6 55. Kg6 Kf8 56. Kf5 Bd8 57. Ke4 Kg7 58. Kd5 Rb6 59. Ke5 Bc7+ 60. Kd5 Rd6+ 61. Kc5 Kf6 62. Kb5 Ke5 63. Kc5 Bb6+ 64. Kb5 Bd8 65. Kc5 Rd2 66. Kc4 Rc2+ 67. Kd3 Rc5 68. Bf3 Ba5 69. Bg4 Rc3+ 70. Ke2 Ke4 71. Kf2 Rc2+ 72. Kf1 Kf4 73. Bh5 Rd2 74. Bg4 Kg3 75. Kg1 Rf2 0-1

[Event "Vladimir Petrov Memorial op"]
[Site "Jurmala"]
[Date "2013.02.15"]
[Round "1"]
[White "Grachev, Boris V"]
[Black "Kurnosov, Igor"]
[Result "1-0"]
[WhiteElo "2693"]
[BlackElo "2649"]
[PlyCount "87"]
[EventDate "2013.02.15"]
[EventType "swiss (rapid)"]
[EventRounds "14"]
[EventCountry "LAT"]
[SourceTitle "CBM 152 Extra"]
[Source "ChessBase"]
[SourceDate "2013.02.25"]
[SourceVersion "1"]
[SourceVersionDate "2013.02.25"]
[SourceQuality "1"]

1. c4 g6 2. g3 Bg7 3. Bg2 d6 4. Nc3 Nf6 5. d4 0-0 6. Nf3 Nc6 7. 0-0 a6 8. b3 Rb8 9. Nd5 b5 10. Nxf6+ Bxf6 11. Bh6 Re8 12. Rc1 b4 13. d5 Ne5 14. Nd4 Bb7 15. h3 Nd7 16. Nc2 a5 17. Be3 Nc5 18. Bd4 e5 19. Bxc5 dxc5 20. e4 Bc8 21. Ne1 Be7 22. Nd3 Bd6 23. f4 Qe7 24. Qd2 Kg7 25. fxe5 Bxe5 26. Nxe5 Qxe5 27. Qf2 f6 28. Qxc5 Qxg3 29. Rf3 Qe5 30. Qxa5 Bd7 31. Qc5 Rb7 32. Rd1 Rf8 33. Qd4 Qxd4+ 34. Rxd4 Ra8 35. c5 Rb5 36. c6 Be8 37. Rf2 Rd8 38. Rc2 Kf7 39. d6 Ke6 40. dxc7 Rc8 41. Rd8 Rxc7 42. Rxe8+ Kd6 43. Rd2+ Kc5 44. e5 1-0

[Event "Zuerich op 36th"]
[Site "Zuerich"]
[Date "2012.12.27"]
[Round "3"]
[White "Kurnosov, Igor"]
[Black "Misiano, Franco"]
[Result "1-0"]
[WhiteElo "2645"]
[BlackElo "2263"]
[PlyCount "115"]
[EventDate "2012.12.26"]
[EventType "swiss"]
[EventRounds "7"]
[EventCountry "SUI"]
[SourceTitle "CBM 152 Extra"]
[Source "ChessBase"]
[SourceDate "2013.02.25"]
[SourceVersion "1"]
[SourceVersionDate "2013.02.25"]
[SourceQuality "1"]

1. e4 e6 2. d4 d5 3. Nc3 Bb4 4. e5 c5 5. a3 Bxc3+ 6. bxc3 Ne7 7. h4 Qa5 8. Bd2 cxd4 9. cxd4 Qa4 10. h5 h6 11. Nf3 b6 12. Qb1 Ba6 13. Qb3 Qc6 14. Bd3 Bc4 15. Qb2 Bxd3 16. cxd3 Qd7 17. g4 Qa4 18. Ke2 Nbc6 19. Rac1 Kd7 20. Be3 Rhc8 21. Nd2 Ke8 22. f4 Rc7 23. Rhf1 Rac8 24. f5 Nxe5 25. fxe6 Nxd3 26. Qb3 Qxb3 27. exf7+ Kf8 28. Nxb3 Nb2 29. g5 hxg5 30. Bxg5 Rc2+ 31. Nd2 R2c6 32. Rf3 Re6+ 33. Kf2 Rcc6 34. Rg1 Nc8 35. h6 Rxh6 36. Bxh6 Rxh6 37. Rxg7 Ne7 38. Kg3 Rh8 39. Rg4 Rh7 40. Rh4 Rxf7 41. Rh8+ Ng8 42. Rxf7+ Kxf7 43. Rh7+ Ke6 44. Rxa7 Nf6 45. Rc7 Kd6 46. Rc2 Na4 47. Kf4 b5 48. Nf3 Ne4 49. Ne5 Nec3 50. Kf5 Kc7 51. Ke6 Kb6 52. Nd7+ Ka5 53. Nf6 Nb1 54. Nxd5 Nxa3 55. Rc8 Ka6 56. Ra8+ Kb7 57. Ra5 Kc6 58. Ra7 1-0

[Event "Bundesliga 1213"]
[Site "Germany"]
[Date "2012.12.08"]
[Round "5.2"]
[White "Kurnosov, Igor"]
[Black "Jansa, Vlastimil"]
[Result "1-0"]
[WhiteElo "2660"]
[BlackElo "2451"]
[PlyCount "89"]
[EventDate "2012.10.20"]
[EventType "team-tourn"]
[EventRounds "15"]
[EventCountry "GER"]
[SourceTitle "CBM 152"]
[Source "ChessBase"]
[SourceDate "2013.01.15"]
[SourceVersion "1"]
[SourceVersionDate "2013.01.15"]
[SourceQuality "1"]
[WhiteTeam "Wiesbaden"]
[BlackTeam "Forchheim"]
[WhiteTeamCountry "GER"]
[BlackTeamCountry "GER"]

1. e4 c5 2. Nf3 e6 3. d4 cxd4 4. Nxd4 Nc6 5. Nc3 a6 6. Nxc6 bxc6 7. Bd3 d5 8. 0-0 Nf6 9. Qf3 Be7 10. e5 Nd7 11. Qg3 Kf8 12. Re1 c5 13. b3 Bb7 14. Bd2 h5 15. h3 g6 16. Na4 Kg7 17. c4 d4 18. Be4 h4 19. Qf3 Nxe5 20. Qf4 Nc6 21. Nxc5 Bxc5 22. Bxc6 Bxc6 23. Qe5+ f6 24. Qxc5 Qd7 25. Rad1 Rh5 26. Qa3 e5 27. f4 Re8 28. Qxa6 e4 29. Qb6 d3 30. Qf2 Qb7 31. Be3 Ra8 32. Rb1 Qb4 33. Bd2 Qd6 34. a4 Rf5 35. Qxh4 Rh8 36. Qg3 g5 37. Rf1 Rh4 38. c5 Qxc5+ 39. Kh2 e3 40. Bxe3 Qd5 41. fxg5 fxg5 42. Rxf5 Qxf5 43. Rc1 Bd5 44. Rc7+ Kg6 45. Bxg5 1-0